The White Stripes Discography - Statistics

General Stats
  • This quiz has been taken 24 times
  • The average score is 7 of 19
Answer Stats
Type Year Name % Correct
Album 2003 Elephant
95%
Album 2005 Get Behind Me Satan
91%
Album 1999 The White Stripes
91%
Album 2001 White Blood Cells
91%
Album 2000 De Stijl
86%
Album 2007 Icky Thump
82%
Live Album 2010 Under Great White Northern Lights
32%
Film 2010 Under Great White Northern Lights
32%
Live Album 2010 Under Great White Northern Lights - B-Shows
32%
Video Album 2004 Under Blackpool Lights
27%
Live Album 2012 Live at the Gold Dollar
9%
Live Album 2011 Live in Mississippi
9%
Live Album 2014 Live Under the Lights of the Rising Sun
9%
Live Album 2013 Nine Miles from the White City
9%
Live Album 2017 The White Stripes' First Show: Live on Bastille Day
9%
Video Album 2012 Under Moorhead Lights All Fargo Night
9%
Live Album 2016 The Complete John Peel Sessions
5%
EP 2005 Walking with a Ghost
5%
Video Album 2012 Under New Zealand Nights
0%
No matching quizzes found
Score Distribution
Percent of People with Each Score
Percentile by Number Answered
Your Score History
You have not taken this quiz